000 00658nam a2200205Ia 4500
003 OSt
005 20251104162737.0
008 210210b2000 xxu||||| |||| 00| 0 eng d
040 _cAL
041 _aKannada
082 _aK894.9 SADK
100 _aSADANANDA BILLURA.
_dಸದಾನಂದ ಬಿಲ್ಲೂರ
_9243888
245 _aK G Kundanagara ondu adhyayana.
_bಕೆ ಜಿ ಕುಂದಣಗಾರ ಒಂದು ಅಧ್ಯಯನ.
260 _aBelagavi
_bVirashaiva adhyayana academy
_c2000
300 _a462
650 _aKundanagara Ke Ji Ph.D Thesis
_9243889
690 _aKannada Criticism
_9243890
906 _aSG04251
942 _2ddc
_cBK
999 _c114974
_d114974